El sabueso de los baskerville /

Guardado en:
Autor Principal: Doyle, Arthur Conan
Formato: Libro
Publicado: Buenos Aires : Aique
Materias:
Etiquetas: Agregar Etiqueta
Sin Etiquetas, Sea el primero en etiquetar este registro!
LEADER 00753nam a22002415a 4500
001 CEM.cems009960
005 20070813153239.0
008 130507b######################000#0#####d
003 CEMS
020 |a 9507015019 
082 0 4 |a 823.8 
100 1 |a Doyle, Arthur Conan 
245 1 0 |a El sabueso de los baskerville /  |c Arthur Conan Doyle 
260 |a Buenos Aires :  |b Aique 
300 |a 159 p. 
653 |a Literatura 
653 |a Literatura inglesa 
653 |a Novelas 
653 |a Novelas policiales 
653 |a Literatura juvenil 
859 |a CEMS  |b BIB. CEMS - 11 de abril  |h 823.8  |i D772-1  |p 20317.99  |t Ej.1 
859 |a CEMS  |b BIB. CEMS - 11 de abril  |h 823.8  |i D772-1  |p 20318.99  |t Ej.2 
859 |a CEMS  |b BIB. CEMS - 11 de abril  |h 823.8  |i D772-1  |p 25848.10  |t Ej.3